Statistics for 10 Safest and Most Dangerous Countries on Earth (2016)

Click here to take the quiz!

General Stats

  • This quiz has been taken 1,462 times
  • The average score is 11 of 20

Answer Stats

Answer% Correct
Iraq
79%
Syria
79%
Iceland
76%
Canada
72%
Afghanistan
71%
Denmark
68%
Somalia
64%
Switzerland
64%
Japan
60%
New Zealand
59%
Yemen
55%
Sudan
53%
Austria
52%
South Sudan
47%
Libya
45%
Central African Republic
31%
Portugal
29%
Ukraine
24%
Slovenia
16%
Czech Republic
14%

Score Distribution

Percentile by Number Answered

Percent of People with Each Score

Your Score History

You have not taken this quiz